Statistiques concernant Harry Potter par emojis #6

Cliquez ici pour prendre le quiz!

Statistiques générales

  • Ce quiz a été pris 468 fois
  • Le résultat moyen est 8 sur 21

Statistiques - réponses

EmojisScène% Correct
🏁♟Echecs version sorcier géant
87%
📖🧦Dobby est liiiiiiiiiiiiiiibre !!!
71%
👨➡🐺Rémus Lupin se transforme en loup garou
71%
💀🕷Enterrement d'Aragog
58%
👨🐶💀RIP Sirius
51%
🥚🥇🐉1ere tâche
48%
👨‍⚖️🏛Audience de Harry au ministère
44%
🏆🥎🍀Coupe du monde de Quidditch
44%
👓😘👩🏻Premier baiser de Cho et Harry
44%
🧝‍♂️🗡Dobbyyyyyyy :'(
36%
🧑🏻🧑🏻🧑🏻🧑🏻🧑🏻🧑🏻🧑🏻Les 7 Potter
35%
👩➡🎈Tante marge gonfle comme une montgolfière
33%
🍷🔥📜La coupe de feu sort le nom de Harry
27%
💀👨‍🦳🧔RIP Dumbledore
27%
🧝‍♂️🏐🤛🧹Le cognard fou
26%
⏳🦅Harry et Hermione retournent dans le temps
25%
🔍🤞Découverte du Miroir du Rised
19%
👨‍🦳💺Horace Slughorn en fauteuil
17%
🐍🥅Le serpent qui sort de la cage
17%
💀🥢🧥Le conte des trois frères
16%
🦁➡🐍Le polynectar
8%

Distribution des résultats

Percentile par nombre de réponses

% des personnes avec chaque résultat

Votre développement - résultats

Vous n’avez pas pris ce quiz